UM Logo

Dimension-free estimates for discrete Hardy-Littlewood averaging operators over the cubes in Zd / (Record no. 20846)

MARC details
000 -LEADER
fixed length control field 00805nam a22002057a 4500
003 - CONTROL NUMBER IDENTIFIER
control field OSt
005 - DATE AND TIME OF LATEST TRANSACTION
control field 20240822152843.0
008 - FIXED-LENGTH DATA ELEMENTS--GENERAL INFORMATION
fixed length control field 240822b ||||| |||| 00| 0 eng d
040 ## - CATALOGING SOURCE
Transcribing agency 0
082 ## - DEWEY DECIMAL CLASSIFICATION NUMBER
Classification number DPer 510.5 Am351 June-August vol.141 no. 3-4
100 ## - MAIN ENTRY--PERSONAL NAME
Personal name Bourgain, Jean.
Relator term author.
9 (RLIN) 58886
245 ## - TITLE STATEMENT
Title Dimension-free estimates for discrete Hardy-Littlewood averaging operators over the cubes in Zd /
Statement of responsibility, etc. Jean Bourgain, Mariusz Mirek, Elias M. Stein, Blazej Wrobel.
260 ## - PUBLICATION, DISTRIBUTION, ETC. (IMPRINT)
Place of publication, distribution, etc. Baltimore, Maryland U.S.;
Name of publisher, distributor, etc. Johns Hopkins University Press,
Date of publication, distribution, etc. June 2019.
300 ## - PHYSICAL DESCRIPTION
Extent volume 141, pages 857-905.
700 ## - ADDED ENTRY--PERSONAL NAME
Personal name Bourgain, Jean.
Relator term author.
9 (RLIN) 58886
700 ## - ADDED ENTRY--PERSONAL NAME
Personal name Mirek, Mariusz.
Relator term author.
9 (RLIN) 58887
700 ## - ADDED ENTRY--PERSONAL NAME
Personal name Stein, Elias M.
Relator term author.
9 (RLIN) 58888
700 ## - ADDED ENTRY--PERSONAL NAME
Personal name Wrobel, Blazej.
Relator term author.
9 (RLIN) 58889
942 ## - ADDED ENTRY ELEMENTS (KOHA)
Source of classification or shelving scheme Dewey Decimal Classification
Koha item type Periodicals
Holdings
Withdrawn status Lost status Source of classification or shelving scheme Damaged status Not for loan Collection code Home library Current library Date acquired Total Checkouts Full call number Date last seen Price effective from Koha item type Public note
    Dewey Decimal Classification     Periodicals UM Digos College - LIC UM Digos College - LIC 08/22/2024   DPer 510.5 Am351 June-August vol.141 no. 3-4 08/22/2024 08/22/2024 Periodicals Periodical Article